Countries Missing One of Their Official Languages - Statistics

General Stats
  • This quiz has been taken 90 times
    76 since last reset
  • The average score is 13 of 20
Answer Stats
Countries Official Language #1 Official Language #2 % Correct
Canada English French
100%
Ireland Irish English
97%
Belarus Belarusian Russian
86%
India English Hindi
83%
Kazakhstan Russian Kazakh
82%
Cyprus Turkish Greek
80%
Haiti French {Haitian} {Creole}
76%
Kyrgyzstan Russian Kyrgyz
74%
Czech Republic Czech Slovak
73%
Uganda English Swahili
73%
East Timor Tetum Portuguese
64%
Lesotho English Sotho
64%
Chad French Arabic
62%
Brunei English Malay
62%
Indonesia Indonesian Javanese
55%
South Korea Korean Korean {Sign} {Language}
55%
Botswana English Tswana
53%
Afghanistan Pashto Dari
44%
Cameroon French English
42%
Algeria Arabic Tamazight
18%
No matching quizzes found
Score Distribution
Percent of People with Each Score
Percentile by Number Answered
Your Score History
You have not taken this quiz since the last reset